ბათუმის შოთა რუსთაველის სახელმწიფო უნივერსიტეტის ბიბლიოთეკა

ბიოგეოგრაფია, დედამიწის ხმელეთის ბიომები = Biogeography, Biomes of the World : (ბიბ.ჩანაწერი № 49305)

000 -ლიდერი
ფიქსირებული სიგრძის საკონტროლო ველი 01380nam a2200253Ia 4500
001 - საკონტროლო ნომერი
საკონტროლო ველი 16221
003 - საკონტროლო ნომრის იდენტიფიკატორი
საკონტროლო ველი GE_BSU
005 - ბოლო ოპერაციის თარიღი და დრო
საკონტროლო ველი 20220620112951.0
008 - ფიქსირებული სიგრძის მონაცემთა ელემენტები - ზოგადი ინფორმაცია
ფიქსირებული სიგრძის საკონტროლო ველი 181216s2008ge xx |||||||||||||| ||geo||
020 ## - წიგნის საერთაშორისო სტანდარტული ნომერი
International Standard Book Number 978-9941-13-022-9
040 ## - კატალოგიზაციის წყარო
Transcribing agency GE_BSU
080 ## - უნივერსალური ათობითი კლასიფიკაციის ინდექსი
Universal Decimal Classification number 574.9(075.8) გ-26
100 ## - მთავარი ჩანაწერი - პიროვნების სახელი
Personal name გეგეჭკორი, არნოლდ
9 (RLIN) 6753
245 ## - ცნობა სათაურის შესახებ
Title ბიოგეოგრაფია, დედამიწის ხმელეთის ბიომები = Biogeography, Biomes of the World :
Remainder of title ნაწ.1 /
Statement of responsibility, etc არნოლდ გეგეჭკორი, სამეცნ. რედ: რ. გაგნიძე, ირ. ელიავა
264 ## - წარმოების, გამოცემის, დისტრიბუციის და სხვა ცნობები
გამოცემის, წარმოების, დისტრიბუციის... ადგილი თბილისი :
გამოცემის, წარმოების, დისტრიბუციის... სახელწოდება თბილისის უნ-ტის გამ-ბა,
გამოცემის, წარმოების, დისტრიბუციის... თარიღი 2008.
300 ## - ფიზიკური აღწერა
Extent 528 გვ .:
Other physical details ილ,
Dimensions 26სმ.
300 ## - ფიზიკური აღწერა
Accompanying material ლათ.სახ.საძ.გვ:502-515
653 ## - INDEX TERM--UNCONTROLLED
Uncontrolled term ბიოგეოგრაფია
653 ## - INDEX TERM--UNCONTROLLED
Uncontrolled term ბიომები
700 ## - ADDED ENTRY--PERSONAL NAME
Personal name გაგნიძე, რ
Relator term სამეცნიერო რედაქტორი
9 (RLIN) 14153
700 ## - ADDED ENTRY--PERSONAL NAME
Personal name ელიავა, ირ
Relator term სამეცნიერო რედაქტორი
9 (RLIN) 2593
710 ## - ADDED ENTRY--CORPORATE NAME
Corporate name or jurisdiction name as entry element ივანე ჯავახიშვილის თბილისის სახელმწიფო უნივერსიტეტი
9 (RLIN) 14154
942 ## - ADDED ENTRY ELEMENTS (KOHA)
Koha item type წიგნი
Source of classification or shelving scheme
ეგზემპლარები
ჩამოწერის სტატუსი დაკარგული ეგზემპლარის სტატუსი კლასიფიკაციის წყარო ან თაროზე გაწყობის სქემა დაზიანების სტატუსი არ გაიცემა მუდმივი მდებარეობა (დაცვის ადგილი) ამჟამინდელი ადგილსამყოფელი თაროზე განთავსების ადგილი შეძენის თარიღი ღირებულება, შესყიდვის ნორმალური ფასი სრული შენახვის შიფრი შტრიხკოდი ბოლო ოპერაციის თარიღი ეგზემპლარის მიმდევრობითი ნომერი (კეტერი?) ფასის ძალაში შესვლის თარიღი ეგზემპლარის სახეობა საჯარო შენიშვნა
                2018-12-17     00503 ქსერ. (ნაწ1.1) 2018-12-17   2018-12-17 წიგნი ქსეროქსი 7ლ.50 თ.
                2018-12-17     00504 ქსერ.(ნაწ.1.2) 2018-12-17   2018-12-17 წიგნი ქსეროქსი. 7ლ.65 თ.
                2018-12-17     00505 ქსერ.(ნაწ.1.1) 2018-12-17   2018-12-17 წიგნი ქსეროქსი 7ლ.50 თ.
                2018-12-17     00506 ქსერ.(ნაწ.1.2) 2018-12-17   2018-12-17 წიგნი ქსეროქსი. 7ლ.65 თ.
          ბათუმის შოთა რუსთაველის სახელმწიფო უნივერსიტეტის მთავარი ბიბლიოთეკა ბათუმის შოთა რუსთაველის სახელმწიფო უნივერსიტეტის მთავარი ბიბლიოთეკა წიგნსაცავი 2018-12-17 29.00 574.9(075.8) გ-26 40246 2018-12-17 40246 2018-12-17 წიგნი 29.00
          ბათუმის შოთა რუსთაველის სახელმწიფო უნივერსიტეტის მთავარი ბიბლიოთეკა ბათუმის შოთა რუსთაველის სახელმწიფო უნივერსიტეტის მთავარი ბიბლიოთეკა წიგნსაცავი 2018-12-17 29.00 574.9(075.8) გ-26 40247 2018-12-17 40247 2018-12-17 წიგნი 29.00
          ბათუმის შოთა რუსთაველის სახელმწიფო უნივერსიტეტის მთავარი ბიბლიოთეკა ბათუმის შოთა რუსთაველის სახელმწიფო უნივერსიტეტის მთავარი ბიბლიოთეკა წიგნსაცავი 2022-06-20 48.00 574.9(075.8) გ-26 62736 2022-06-20 62736 2022-06-20 წიგნი 48.00
          ბათუმის შოთა რუსთაველის სახელმწიფო უნივერსიტეტის მთავარი ბიბლიოთეკა ბათუმის შოთა რუსთაველის სახელმწიფო უნივერსიტეტის მთავარი ბიბლიოთეკა წიგნსაცავი 2022-06-20 48.00 574.9(075.8) გ-26 62737 2022-06-20 62737 2022-06-20 წიგნი 48.00
          ბათუმის შოთა რუსთაველის სახელმწიფო უნივერსიტეტის მთავარი ბიბლიოთეკა ბათუმის შოთა რუსთაველის სახელმწიფო უნივერსიტეტის მთავარი ბიბლიოთეკა წიგნსაცავი 2022-06-20 48.00 574.9(075.8) გ-26 62738 2022-06-20 62738 2022-06-20 წიგნი 48.00
          ბათუმის შოთა რუსთაველის სახელმწიფო უნივერსიტეტის მთავარი ბიბლიოთეკა ბათუმის შოთა რუსთაველის სახელმწიფო უნივერსიტეტის მთავარი ბიბლიოთეკა წიგნსაცავი 2022-06-20 48.00 574.9(075.8) გ-26 62739 2022-06-20 62739 2022-06-20 წიგნი 48.00
          ბათუმის შოთა რუსთაველის სახელმწიფო უნივერსიტეტის მთავარი ბიბლიოთეკა ბათუმის შოთა რუსთაველის სახელმწიფო უნივერსიტეტის მთავარი ბიბლიოთეკა წიგნსაცავი 2022-06-20 48.00 574.9(075.8) გ-26 62740 2022-06-20 62740 2022-06-20 წიგნი 48.00